Quick Pick: 'Friends' Characters Quiz Stats

Quiz Updated Nov 7, 2016

Challenge
Share
Tweet
Embed
Score 0/6 Timer 00:30
11 Plays Today
% Correct
Rachel Green
97.2%
Phoebe Buffay
97.1%
Ross Geller
96.6%
Monica Geller
96.6%
Chandler Bing
96.2%
Joey Tribbiani
95.3%

Today's Daily Dose

Missing Word
1974 Movies A-Z

Word Ladder
The White Album

Quick Pick
Gods of War

On This Day
February 22nd II

You're not logged in!

Compare scores with friends on all Sporcle quizzes.
Sign Up with Email
OR
Log In

You Might Also Like...

Show Comments

Extras

Top Quizzes Today


Score Distribution

Your Account Isn't Verified!

In order to create a playlist on Sporcle, you need to verify the email address you used during registration. Go to your Sporcle Settings to finish the process.